000 00652cam a22002413a 4500
001 23930
003 PGUSA
005 20140828083517.0
008 071220s2007||||xxu|||||s|||||000 1 eng d
040 _aPGUSA
_beng
042 _adc
100 1 _aMartin, Robert J.
245 1 0 _aBeyond Pandora
_h[electronic resource] /
_cRobert J. Martin
260 _bProject Gutenberg,
_c2007
506 _aPublic domain in the USA.
516 _aElectronic text
653 _aScience fiction
653 _aShort stories
653 _aMedical fiction
830 0 _aProject Gutenberg
_v23930
856 4 0 _uhttp://www.gutenberg.org/ebooks/23930
942 _cEB
999 _c253185
_d253185